<?xml version="1.0" encoding="UTF-8"?>
<record
    xmlns:xsi="http://www.w3.org/2001/XMLSchema-instance"
    xsi:schemaLocation="http://www.loc.gov/MARC21/slim http://www.loc.gov/standards/marcxml/schema/MARC21slim.xsd"
    xmlns="http://www.loc.gov/MARC21/slim">

  <leader>02169njm a2200433Ia 4500</leader>
  <controlfield tag="001">69536</controlfield>
  <controlfield tag="003">IT-RoPAU</controlfield>
  <controlfield tag="005">20220918181158.0</controlfield>
  <controlfield tag="008">131025s9999    xx            000 0 und d</controlfield>
  <datafield tag="040" ind1=" " ind2=" ">
    <subfield code="a">IT-RoPAU</subfield>
  </datafield>
  <datafield tag="040" ind1=" " ind2=" ">
    <subfield code="c">IT-RoPAU</subfield>
  </datafield>
  <datafield tag="999" ind1=" " ind2=" ">
    <subfield code="c">102799</subfield>
    <subfield code="d">102799</subfield>
  </datafield>
  <datafield tag="999" ind1=" " ind2=" ">
    <subfield code="b">n.d.</subfield>
  </datafield>
  <datafield tag="100" ind1=" " ind2=" ">
    <subfield code="a">AA.VV.</subfield>
    <subfield code="9">794</subfield>
  </datafield>
  <datafield tag="100" ind1=" " ind2=" ">
    <subfield code="e">Autore musica</subfield>
    <subfield code="9">24183</subfield>
  </datafield>
  <datafield tag="100" ind1=" " ind2=" ">
    <subfield code="g">Codice autore musica SPICS: 12000</subfield>
    <subfield code="9">796</subfield>
  </datafield>
  <datafield tag="245" ind1=" " ind2=" ">
    <subfield code="a">Standards, vol. 2 (Lp Ecm 1289)</subfield>
  </datafield>
  <datafield tag="250" ind1=" " ind2=" ">
    <subfield code="a">1a ed.</subfield>
  </datafield>
  <datafield tag="260" ind1=" " ind2=" ">
    <subfield code="a">GERMANY</subfield>
  </datafield>
  <datafield tag="260" ind1=" " ind2=" ">
    <subfield code="b">ECM RECORDS</subfield>
    <subfield code="c">1985 [1a Ed.:1985 - Ed. Lingua Orig.: 1985]</subfield>
  </datafield>
  <datafield tag="300" ind1=" " ind2=" ">
    <subfield code="a">DISCO</subfield>
  </datafield>
  <datafield tag="300" ind1=" " ind2=" ">
    <subfield code="c">46 minuti (Testo: 0 pag.)</subfield>
  </datafield>
  <datafield tag="500" ind1=" " ind2=" ">
    <subfield code="a">Musica strumentale.</subfield>
  </datafield>
  <datafield tag="505" ind1=" " ind2=" ">
    <subfield code="a">So Tender (8:00) - Moon and Sand (9:00) - In Love In Vain (8:00) - Never Let Me Go (8:00) - If I Should Lose You (9:00) - I Fall In Love Too Easily (6:00)</subfield>
  </datafield>
  <datafield tag="511" ind1=" " ind2=" ">
    <subfield code="a">Peacock Gary: bass; Dejohnette Jack: chit</subfield>
  </datafield>
  <datafield tag="650" ind1=" " ind2=" ">
    <subfield code="a">STRUMENTALE [DISCHI]</subfield>
    <subfield code="e">Codice MATERIA SPICS: 9950</subfield>
    <subfield code="9">828</subfield>
  </datafield>
  <datafield tag="700" ind1=" " ind2=" ">
    <subfield code="a">Jarrett Keith</subfield>
    <subfield code="g">Codice interprete SPICS: 11614</subfield>
    <subfield code="e">Interprete</subfield>
    <subfield code="9">24184</subfield>
  </datafield>
  <datafield tag="700" ind1=" " ind2=" ">
    <subfield code="a">Jarrett Keith</subfield>
    <subfield code="g">Codice autore musica SPICS: 11614</subfield>
    <subfield code="e">Autore musica</subfield>
    <subfield code="p">So Tender</subfield>
    <subfield code="9">24185</subfield>
  </datafield>
  <datafield tag="700" ind1=" " ind2=" ">
    <subfield code="a">Wilder Alec</subfield>
    <subfield code="g">Codice autore musica SPICS: 20488</subfield>
    <subfield code="e">Autore musica</subfield>
    <subfield code="p">Moon and Sand</subfield>
    <subfield code="9">24186</subfield>
  </datafield>
  <datafield tag="700" ind1=" " ind2=" ">
    <subfield code="a">Engvick William</subfield>
    <subfield code="g">Codice autore SPICS: 15849</subfield>
    <subfield code="e">Autore</subfield>
    <subfield code="p">Moon and Sand</subfield>
    <subfield code="9">24187</subfield>
  </datafield>
  <datafield tag="700" ind1=" " ind2=" ">
    <subfield code="a">Palitz Mortimer</subfield>
    <subfield code="g">Codice autore testo/musica SPICS: 23953</subfield>
    <subfield code="e">Autore testo/musica</subfield>
    <subfield code="p">Moon and Sand</subfield>
    <subfield code="9">24188</subfield>
  </datafield>
  <datafield tag="700" ind1=" " ind2=" ">
    <subfield code="a">Robin Leo</subfield>
    <subfield code="g">Codice autore musica SPICS: 20175</subfield>
    <subfield code="e">Autore musica</subfield>
    <subfield code="p">In Love In Vain - If I Should Lose You</subfield>
    <subfield code="9">24189</subfield>
  </datafield>
  <datafield tag="700" ind1=" " ind2=" ">
    <subfield code="a">Kern Jerome</subfield>
    <subfield code="g">Codice autore SPICS: 10779</subfield>
    <subfield code="e">Autore</subfield>
    <subfield code="p">In Love In Vain</subfield>
    <subfield code="9">24190</subfield>
  </datafield>
  <datafield tag="700" ind1=" " ind2=" ">
    <subfield code="a">Evans Raymond</subfield>
    <subfield code="g">Codice autore musica SPICS: 23703</subfield>
    <subfield code="e">Autore musica</subfield>
    <subfield code="p">Never Let Me Go</subfield>
    <subfield code="9">24191</subfield>
  </datafield>
  <datafield tag="700" ind1=" " ind2=" ">
    <subfield code="a">Livingston Jay</subfield>
    <subfield code="g">Codice autore SPICS: 23738</subfield>
    <subfield code="e">Autore</subfield>
    <subfield code="p">Never Let Me Go</subfield>
    <subfield code="9">24192</subfield>
  </datafield>
  <datafield tag="700" ind1=" " ind2=" ">
    <subfield code="a">Rainger Ralph</subfield>
    <subfield code="g">Codice autore musica SPICS: 20269</subfield>
    <subfield code="e">Autore musica</subfield>
    <subfield code="p">If I Should Lose You</subfield>
    <subfield code="9">24193</subfield>
  </datafield>
  <datafield tag="700" ind1=" " ind2=" ">
    <subfield code="a">Cahn Sammy</subfield>
    <subfield code="g">Codice autore musica SPICS: 13947</subfield>
    <subfield code="e">Autore musica</subfield>
    <subfield code="p">I Fall In Love Too Easily</subfield>
    <subfield code="9">24194</subfield>
  </datafield>
  <datafield tag="700" ind1=" " ind2=" ">
    <subfield code="a">Styne Jules</subfield>
    <subfield code="g">Codice autore SPICS: 11167</subfield>
    <subfield code="e">Autore</subfield>
    <subfield code="p">I Fall In Love Too Easily</subfield>
    <subfield code="9">24195</subfield>
  </datafield>
  <datafield tag="942" ind1=" " ind2=" ">
    <subfield code="c">MD</subfield>
    <subfield code="2">ddc</subfield>
  </datafield>
  <datafield tag="952" ind1=" " ind2=" ">
    <subfield code="0">0</subfield>
    <subfield code="1">0</subfield>
    <subfield code="4">0</subfield>
    <subfield code="6">69536_000000000000000</subfield>
    <subfield code="7">1</subfield>
    <subfield code="a">SPICS</subfield>
    <subfield code="b">SPICS</subfield>
    <subfield code="d">2013-10-25</subfield>
    <subfield code="l">0</subfield>
    <subfield code="o">69536</subfield>
    <subfield code="r">2013-10-25 00:00:00</subfield>
    <subfield code="w">2013-10-25</subfield>
    <subfield code="y">MD</subfield>
    <subfield code="z">Progr. Ins.: 16721 / N.Vol.: 1 / Copie: 1 - Copia rara: n.d. / date import: 01.01.2014 - By Epidotti, Trombetti, Vaglietti</subfield>
  </datafield>
</record>
